Mistrzowie Premier League - Statystyki

Ogólne statystyki
  • Ten quiz został rozwiązany 1 770 razy
  • Średni wynik to 11 z 24
Statystyki odpowiedzi
Miejsce Drużyna Liczba mistrzostw % Poprawnych
4 Manchester City 9
99%
1 Manchester United 20
99%
2 Liverpool 19
97%
3 Arsenal 13
96%
7 Chelsea 6
94%
15 Tottenham Hotspur 2
75%
6 Aston Villa 7
73%
20 Leicester City 1
68%
20 Nottingham Forest 1
59%
4 Everton 9
58%
9 Newcastle United 4
55%
11 Leeds United 3
37%
11 Blackburn Rovers 3
36%
7 Sunderland 6
32%
11 Wolverhampton Wanderers 3
31%
15 Burnley 2
20%
20 Sheffield United 1
20%
9 Sheffield Wednesday 4
20%
15 Derby County 2
15%
20 Ipswich Town 1
14%
20 West Bromwich Albion 1
13%
15 Portsmouth 2
7%
15 Preston North End 2
7%
11 Huddersfield Town 3
1%
Nie znaleziono quizów pasujących do podanych kryteriów
Rozkład punktacji
Procent ludzi z każdym wynikiem
Percentyl według liczby udzielonych odpowiedzi
Twoja historia wyników
Nie rozwiązałeś tego quizu